| 000 -CABECERA |
| Longitud fija campo de control |
00720nam a22002417a 4500 |
| 003 - IDENTIFICADOR DEL NÚMERO DE CONTROL |
| Identificador del número de control |
OSt |
| 005 - FECHA Y HORA DE LA ÚLTIMA TRANSACCIÓN |
| Fecha y hora de la última transacción |
20180426100025.0 |
| 008 - CÓDIGOS DE INFORMACIÓN DE LONGITUD FIJA |
| Códigos de información de longitud fija |
130411s2012 sp ||||| |||| 00| 0 spa d |
| 020 ## - NÚMERO INTERNACIONAL NORMALIZADO PARA LIBROS |
| Número Internacional Normalizado para Libros (ISBN) |
9788497889889 |
| 040 ## - FUENTE DE LA CATALOGACIÓN |
| Centro transcriptor |
CDMR |
| 100 1# - PUNTO DE ACCESO PRINCIPAL-NOMBRE DE PERSONA |
| 9 (RLIN) |
3155 |
| Nombre de persona |
Cobo, Silvia |
| 245 10 - MENCIÓN DE TÍTULO |
| Título |
Internet para periodistas |
| Resto del título |
: kit de supervivencia para la era digital |
| Mención de responsabilidad, etc. |
Silvia Cobo |
| 260 ## - PUBLICACIÓN, DISTRIBUCIÓN, ETC. (PIE DE IMPRENTA) |
| Lugar de publicación, distribución, etc. |
Barcelona |
| Nombre del editor, distribuidor, etc. |
UOC |
| Fecha de publicación, distribución, etc. |
2012 |
| 300 ## - DESCRIPCIÓN FÍSICA |
| Extensión |
232 p. |
| 490 0# - MENCIÓN DE SERIE |
| Mención de serie |
Comunicación |
| Designación de volumen o secuencia |
220 |
| 650 04 - PUNTO DE ACCESO ADICIONAL DE MATERIA - TÉRMINO DE MATERIA |
| 9 (RLIN) |
3138 |
| Término de materia o nombre geográfico como elemento inicial |
Internet |
| Subdivisión de materia general |
Art d'escriure |
| 650 04 - PUNTO DE ACCESO ADICIONAL DE MATERIA - TÉRMINO DE MATERIA |
| 9 (RLIN) |
3137 |
| Término de materia o nombre geográfico como elemento inicial |
Web 2.0 |
| 650 04 - PUNTO DE ACCESO ADICIONAL DE MATERIA - TÉRMINO DE MATERIA |
| 9 (RLIN) |
3082 |
| Término de materia o nombre geográfico como elemento inicial |
Mitjans de comunicació social |
| 650 04 - PUNTO DE ACCESO ADICIONAL DE MATERIA - TÉRMINO DE MATERIA |
| 9 (RLIN) |
3188 |
| Término de materia o nombre geográfico como elemento inicial |
Premsa digital |
| 650 04 - PUNTO DE ACCESO ADICIONAL DE MATERIA - TÉRMINO DE MATERIA |
| 9 (RLIN) |
3128 |
| Término de materia o nombre geográfico como elemento inicial |
Xarxes socials en línia |
| 650 04 - PUNTO DE ACCESO ADICIONAL DE MATERIA - TÉRMINO DE MATERIA |
| 9 (RLIN) |
3772 |
| Término de materia o nombre geográfico como elemento inicial |
Periodisme--Manuals d'estil |
| 942 ## - ENTRADA DE ELEMENTOS AGREGADOS (KOHA) |
| Fuente de clasificaión o esquema |
|
| Koha [por defecto] tipo de item |
Monografies |